000 00483nmm a2200169Ia 4500
008 251105s9999||||xx |||||||||||||||||und||
020 _a9788446036159
041 _aspa
100 _aScopa Zucchi, Oscar
245 0 _aEl fin del mundo ya tuvo lugar
264 _a[Madrid, España] :
_bAkal,
_c2012
300 _a192 páginas
490 _aPensamiento crítico
650 _aPolitical Science (General)
856 _uhttps://public.digitaliapublishing.com/a/27953
942 _cCF
999 _c82918
_d82918